Daňový poriadok - zmeny v roku 2012 nová legislatíva zavádza aj povinnú elektronickú komunikáciu
Povinnosť podávať dokumenty elekronicky a novela daňového poriadku. Identifikácia daňového subjektu a zmena doterajšieho spôsobu uvádzania variabilného symbolu. Nové sankcie pre zamestnávateľov a nahlasovacie povinnosti podnikateľov. Reorganizácia daňovej a colnej správy.
Gespeichert in:
| 1. Verfasser: | |
|---|---|
| Format: | Buchkapitel |
| Sprache: | Slowakisch |
| Schlagworte: | |
| Tags: |
Keine Tags, Fügen Sie das erste Tag hinzu!
|
MARC
| LEADER | 00000naa a2200000 4500 | ||
|---|---|---|---|
| 001 | 0148791 | ||
| 005 | 20220725111337.5 | ||
| 041 | 0 | |a slo | |
| 044 | |a SK | ||
| 245 | 1 | 0 | |a Daňový poriadok - zmeny v roku 2012 |b nová legislatíva zavádza aj povinnú elektronickú komunikáciu |c Katarína Bystrická |
| 520 | |a Povinnosť podávať dokumenty elekronicky a novela daňového poriadku. Identifikácia daňového subjektu a zmena doterajšieho spôsobu uvádzania variabilného symbolu. Nové sankcie pre zamestnávateľov a nahlasovacie povinnosti podnikateľov. Reorganizácia daňovej a colnej správy. | ||
| 610 | 2 | 0 | |a dane |
| 610 | 2 | 0 | |a dane z príjmov |
| 610 | 2 | 0 | |a predpisy daňové |
| 610 | 2 | 0 | |a obdobie zdaňovacie |
| 610 | 2 | 0 | |a odpisy daňové |
| 610 | 2 | 0 | |a správa daňová |
| 610 | 2 | 0 | |a reformy daňové |
| 100 | 1 | |a Bystrická, Katarína | |